000 00327nam a2200133Ia 4500
008 190723s9999 xx 000 0 und d
020 _a978-93-325-8482-2
100 _aGary Dessler
245 0 _aFundamentals of Human resource Management
250 _a4th
260 _aIndia
_bPearson
_c2018
300 _a558.:p
942 _cBK
999 _c1810
_d1810